| 000 | 01052nam a2200205 a 4500 | ||
|---|---|---|---|
| 008 | 060804s1997 ||||||||||||||||| || u | ||
| 020 | _a8170225809 | ||
| 050 | _aHD 87.5 Sun | ||
| 100 | _aSundaram. K. V | ||
| 245 | 1 | 0 | _aDecentralized multilevel planning: principles and practice (Asian and African experiences) |
| 260 |
_aNew Delhi: _bConcept Publising Company _c1997 |
||
| 300 | _a514p. : ill. | ||
| 350 | _a0.00 | ||
| 650 | _aDECENTRALIZED PLANNING--ASIA | ||
| 650 | _aPLANNING | ||
| 650 | _aDECENTRALIZED PLANNING--AFRICA | ||
| 995 |
_aANNEX COLLECTION (Main Library) _D0.00 _e732323 _FCBU-MAIN LIBRARY (Kitwe) _H1 _I0.00 _jHD 87.5 Sun _M2 _UAVAILABLE _WAug 4, 2006 _y029529 _ZAnnex Low-Usage Collection |
||
| 995 |
_aMAIN LIBRARY OPEN ACCESS _D0.00 _e732321 _FCBU-MAIN LIBRARY (Kitwe) _H1 _I0.00 _jHD 87.5 Sun _M3 _UAVAILABLE _WAug 4, 2006 _y029530 _ZMain Library Open Access Collection |
||
| 995 |
_aANNEX COLLECTION (Main Library) _D0.00 _e732322 _FCBU-MAIN LIBRARY (Kitwe) _H1 _I0.00 _jHD 87.5 SUN _M1 _UAVAILABLE _WMay 22, 2006 _y029528 _ZAnnex Low-Usage Collection |
||
| 999 |
_c63407 _d63407 |
||